[Event "Moscow Time of the First U15 Girls"]
[Site "Moscow"]
[Date "2019.06.23"]
[Round "9"]
[White "Zvereva, Margarita"]
[Black "Gaer, Margarita"]
[Result "1/2-1/2"]
[WhiteElo "1714"]
[BlackElo "1526"]
[PlyCount "127"]
[EventDate "2019.06.17"]
[EventType "swiss"]
[EventRounds "9"]
[EventCountry "RUS"]
[SourceTitle "EXT 2021"]
[Source "ChessBase"]
[SourceDate "2020.10.23"]
[SourceVersion "1"]
[SourceVersionDate "2020.10.23"]
[SourceQuality "1"]

1. d4 d5 2. Nf3 Nf6 3. e3 e6 4. Bd3 Bd6 5. 0-0 0-0 6. Nbd2 Nbd7 7. b3 b6 8. Bb2 Bb7 9. Ne5 c5 10. f4 Qc7 11. c4 Ne4 12. Ndf3 f6 13. Nxd7 Qxd7 14. Nh4 Qe7 15. cxd5 Bxd5 16. Qc2 f5 17. Nf3 Rac8 18. Qe2 Rfd8 19. Ne5 Bxe5 20. fxe5 Rc7 21. Rac1 Bb7 22. Bc4 Bd5 23. Bxd5 Rxd5 24. Rc2 Rd8 25. Rfc1 Rdc8 26. Qa6 Qg5 27. Qd3 Kh8 28. Qe2 Kg8 29. Qf3 h6 30. h3 Qg3 31. Qxg3 Nxg3 32. Kf2 Ne4+ 33. Ke2 b5 34. dxc5 Rxc5 35. Rxc5 Rxc5 36. Rxc5 Nxc5 37. Bd4 Nd7 38. Bxa7 Nxe5 39. Kd2 Kf7 40. Kc3 b4+ 41. Kd2 g5 42. Bc5 Nc6 43. Kd3 Kf6 44. Kc4 Ke5 45. Bxb4 Ke4 46. Bc5 f4 47. exf4 Kxf4 48. Bf2 e5 49. a4 e4 50. Be1 Ne5+ 51. Kc3 Nd3 52. Kd2 Nc5 53. Kc2 Ke3 54. a5 Ke2 55. Bc3 Kf1 56. b4 Ne6 57. g4 Nc7 58. Be5 Nb5 59. Kb3 e3 60. Bg3 Kg2 61. Be1 Kf1 62. Bg3 Kg2 63. Be1 Kf1 64. Bg3 1/2-1/2

[Event "Moscow-ch final (Women)"]
[Site "Moscow"]
[Date "2019.04.03"]
[Round "5"]
[White "Gaer, Margarita"]
[Black "Krupnova, Anna"]
[Result "0-1"]
[WhiteElo "1627"]
[BlackElo "1729"]
[PlyCount "100"]
[EventDate "2019.03.30"]
[EventType "swiss"]
[EventRounds "9"]
[EventCountry "RUS"]
[SourceTitle "CBM 189 Extra"]
[Source "ChessBase"]
[SourceDate "2019.06.03"]
[SourceVersion "1"]
[SourceVersionDate "2019.06.03"]
[SourceQuality "1"]

1. d4 Nf6 2. Bf4 e6 3. Nf3 c5 4. e3 Nc6 5. c3 d5 6. Bd3 Bd6 7. Bg3 0-0 8. Nbd2 Qe7 9. Ne5 Qc7 10. Ndf3 Ne4 11. Nxc6 bxc6 12. Bxe4 dxe4 13. Ng5 Rb8 14. Rb1 f5 15. dxc5 Be5 16. Qh5 h6 17. Nxe4 Bxg3 18. Nxg3 Ba6 19. Ne2 f4 20. Nxf4 Rxf4 21. exf4 Qxf4 22. Qf3 Qe5+ 23. Qe3 Qf5 24. Rd1 Rxb2 25. h3 Rxa2 26. g4 Qf6 27. Rd8+ Kh7 28. Rd1 Re2+ 29. Qxe2 Bxe2 30. Kxe2 Qxc3 31. Rhe1 Qxh3 32. f3 Qg2+ 33. Ke3 Qb2 34. Rc1 a5 35. Kf4 Qh2+ 36. Ke3 e5 37. Rc4 Qb2 38. Kd3 a4 39. Re2 Qb3+ 40. Rc3 Qd1+ 41. Rd2 Qxf3+ 42. Kc2 Qxg4 43. Rd6 Qb4 44. Re6 a3 45. Rxe5 Qb2+ 46. Kd3 a2 47. Re1 a1Q 48. Rxa1 Qxa1 49. Rc2 Qd1+ 50. Kc3 Qxc2+ 0-1

[Event "Moscow-ch final (Women)"]
[Site "Moscow"]
[Date "2019.03.31"]
[Round "2"]
[White "Gaer, Margarita"]
[Black "Khachatryan, Marieta"]
[Result "1-0"]
[WhiteElo "1627"]
[BlackElo "1856"]
[PlyCount "139"]
[EventDate "2019.03.30"]
[EventType "swiss"]
[EventRounds "9"]
[EventCountry "RUS"]
[SourceTitle "CBM 189 Extra"]
[Source "ChessBase"]
[SourceDate "2019.06.03"]
[SourceVersion "1"]
[SourceVersionDate "2019.06.03"]
[SourceQuality "1"]

1. d4 d5 2. Nf3 Nf6 3. Bf4 c5 4. e3 Nc6 5. c3 Qb6 6. Qb3 c4 7. Qxb6 axb6 8. Na3 Bf5 9. Nb5 Ra5 10. Nc7+ Kd7 11. Ng5 Bg6 12. a4 h6 13. Nf3 Bc2 14. Ne5+ Nxe5 15. dxe5 Ne4 16. Nxd5 Rxd5 17. Bxc4 Ra5 18. Bxf7 g5 19. b4 Rxa4 20. Rxa4 Bxa4 21. e6+ Kc8 22. Be5 Nf6 23. 0-0 Bg7 24. Ra1 Rd8 25. Bd4 b5 26. c4 Ne8 27. Bxe8 Bxd4 28. Bd7+ Kc7 29. exd4 Bb3 30. cxb5 Kb6 31. f3 Rf8 32. Re1 Rf5 33. Kf2 Rd5 34. Ke3 Rd6 35. Kd3 Ba2 36. Kc3 Bd5 37. h3 Ba2 38. g3 Bd5 39. Re3 Ba2 40. f4 Rd5 41. fxg5 Rxg5 42. Rf3 Kc7 43. g4 h5 44. Rf5 Rxf5 45. gxf5 Bb1 46. h4 Bxf5 47. d5 b6 48. Kd4 Kd6 49. Be8 Bg4 50. Ke4 Be2 51. Kd4 Bg4 52. Bc6 Be2 53. Ke3 Bg4 54. Kf4 Bd1 55. Kg5 Be2 56. Kf4 Bd1 57. Kg5 Be2 58. Kf4 Bd1 59. Ke4 Bg4 60. Kf4 Bd1 61. Kg5 Be2 62. Be8 Kxd5 63. Bxh5 Bxb5 64. Bg4 Bd3 65. Bf5 Be2 66. h5 Bxh5 67. Kxh5 Kc4 68. Kg6 Kxb4 69. Kf7 Kc3 70. Kxe7 1-0

[Event "Moscow op-B (Women)"]
[Site "Moscow"]
[Date "2016.01.31"]
[Round "2"]
[White "Gaer, Margarita"]
[Black "Aseeva, Anastasia"]
[Result "0-1"]
[WhiteElo "1516"]
[BlackElo "1972"]
[PlyCount "78"]
[EventDate "2016.01.30"]
[EventType "swiss"]
[EventRounds "9"]
[EventCountry "RUS"]
[SourceTitle "CBM 170 Extra"]
[Source "ChessBase"]
[SourceDate "2016.02.25"]
[SourceVersion "1"]
[SourceVersionDate "2016.02.25"]
[SourceQuality "1"]

1. d4 d5 2. c4 c6 3. cxd5 cxd5 4. Nc3 Nf6 5. Nf3 Nc6 6. Bf4 g6 7. e3 a6 8. Bd3 Bg7 9. 0-0 0-0 10. h3 Nh5 11. Bh2 f5 12. Rc1 e6 13. Na4 f4 14. Qb3 Na5 15. Qb6 Bd7 16. Qxd8 Raxd8 17. Nc5 Bc8 18. b4 Nc6 19. Nxa6 Bh6 20. Rfe1 e5 21. dxe5 fxe3 22. fxe3 d4 23. Rc2 Bxe3+ 24. Kh1 bxa6 25. Rxc6 Bb7 26. Rc2 Rxf3 27. gxf3 Bxf3+ 28. Rg2 Bd5 29. Rf1 Ng7 30. Bg1 Ne6 31. Bxe3 dxe3 32. Bxa6 Ra8 33. b5 e2 34. Rb1 Nf4 35. b6 Bxg2+ 36. Kg1 Rxa6 37. Kf2 Bb7 38. e6 Rxa2 39. e7 Kf7 0-1

[Event "Moscow op-B (Women)"]
[Site "Moscow"]
[Date "2016.01.30"]
[Round "1"]
[White "Borisova, Ekaterina"]
[Black "Gaer, Margarita"]
[Result "1-0"]
[WhiteElo "2080"]
[BlackElo "1516"]
[PlyCount "53"]
[EventDate "2016.01.30"]
[EventType "swiss"]
[EventRounds "9"]
[EventCountry "RUS"]
[SourceTitle "CBM 170 Extra"]
[Source "ChessBase"]
[SourceDate "2016.02.25"]
[SourceVersion "1"]
[SourceVersionDate "2016.02.25"]
[SourceQuality "1"]

1. d4 d5 2. Nf3 c6 3. c4 Nf6 4. Nc3 dxc4 5. e4 b5 6. Qc2 e6 7. Bg5 Be7 8. Be2 0-0 9. 0-0 Bb7 10. Rfd1 Qc7 11. Bxf6 Bxf6 12. d5 exd5 13. exd5 cxd5 14. Nxd5 Qc6 15. a4 a6 16. Qf5 Re8 17. Rd2 Bc8 18. Nxf6+ Qxf6 19. Qxf6 gxf6 20. axb5 Be6 21. Ra5 Nd7 22. bxa6 Nb6 23. Rd6 Nd5 24. Bxc4 Rec8 25. b3 Kg7 26. h3 Rd8 27. Bxd5 1-0